Une figure célèbre du XIXème siècle, un pays - Statistiques

Statistiques générales
  • Ce quiz a été pris 71 fois
    63 depuis la dernière actualisation
  • Le résultat moyen est 7 sur 12
Statistiques - réponses
Hint Réponse % Correct
Jules Ferry France
100%
Charles Darwin Angleterre
95%
Sissi Autriche
90%
Anton Tchekhov Russie
86%
Antoni Gaudi Espagne
83%
Chopin Pologne
69%
Nicolas Tesla États-Unis
63%
Henry Dunant Suisse
54%
Bram Stoker Irlande
36%
Alexandre Graham Bell Canada
29%
Benjamin Walter Allemagne
25%
Alfons Mucha Tchéquie
19%
Aucun quiz correspondant
Distribution des résultats
% des personnes avec chaque résultat
Percentile par nombre de réponses
Votre historique - résultats
Vous n’avez pas pris ce quiz depuis la dernière actualisation